Czy znasz wszystkie zespoły w Formule 1? - Statystyki

Ogólne statystyki
  • Ten quiz został rozwiązany 2 087 razy
    1 584 od ostatniego zresetowania
  • Średni wynik to 8 z 10
Statystyki odpowiedzi
Kraj Odpowiedź % Poprawnych
Wielka Brytania (Barckley) Mercedes-AMG Petronas Formula One Team
98%
Włochy (Maranello) Scuderia Ferrari
98%
Wielka Brytania (Milton Keynes) Aston Martin Red Bull Racing
95%
Wielka Brytania (Woking) McLaren F1 Team
89%
Wielka Brytania (Grove) ROKiT Williams Racing
86%
Szwajcaria (Hinwil) Alfa Romeo Racing Orlen
83%
Stany Zjednoczone (Kannapolis) Haas F1 Team
82%
Wielka Brytania (Enstone) Renault DP World F1 Team
74%
Włochy (Faenza) Scuderia AlphaTauri Honda
72%
Wielka Brytania (Silverstone) BWT Racing Point F1 Team
60%
Nie znaleziono quizów pasujących do podanych kryteriów
Rozkład punktacji
Procent ludzi z każdym wynikiem
Percentyl według liczby udzielonych odpowiedzi
Twoja historia wyników
Nie rozwiązałeś tego quizu od ostatniego zresetowania